Venetian narrative painting in the age of Carpaccio
Gespeichert in:
| VerfasserIn: | |
|---|---|
| Mitwirkende: | |
| Dokumenttyp: | Buch |
| Sprache: | English |
| Veröffentlicht: |
New Haven ; London
: Yale University Press
, 1988
|
| Schlagwörter: | |
| Online Zugang: | Inhaltsverzeichnis Inhaltsverzeichnis |
| Bibliogr. Hinweis: | Rezensiert in:
[Rezension von: Patricia Fortini Brown, Venetian narrative painting in the age of Carpaccio] |
| Verantwortlich: | Patricia Fortini Brown |
| LEADER | 06581cam a2201381 c 4500 | ||
|---|---|---|---|
| 001 | 274999102 | ||
| 003 | DE-627 | ||
| 005 | 20260613204637.0 | ||
| 007 | tu | ||
| 008 | 880224s1988 xxu||||| 00| ||eng c | ||
| 020 | |a 0300040253 |9 0-300-04025-3 | ||
| 035 | |a (DE-627)274999102 | ||
| 035 | |a (DE-603)010284680 | ||
| 035 | |a (DE-576)013730649 | ||
| 035 | |a (DE-599)GBV274999102 | ||
| 035 | |a (OCoLC)231317459 | ||
| 035 | |a (OCoLC)231317459 | ||
| 035 | |a (OCoLC)15629069 | ||
| 035 | |a (DE-604)8051511800 | ||
| 040 | |a DE-627 |b ger |c DE-627 |e rakwb | ||
| 041 | |a eng | ||
| 044 | |c XD-US |c XA-GB | ||
| 050 | 0 | |a ND1452.I8 | |
| 082 | 0 | |a 759.5'31 | |
| 082 | 0 | |a 759.5/31 | |
| 082 | 0 | |a 759.531 |q LoC |2 DDC19oclc | |
| 084 | |a 9,10 |2 ssgn | ||
| 084 | |a LN 84554 |2 rvk |0 (DE-625)rvk/102416:6 | ||
| 084 | |a LN 75810 |2 rvk |0 (DE-625)rvk/102166:13311 | ||
| 084 | |a 21.02 |2 bkl | ||
| 084 | |a 20.70 |2 bkl | ||
| 084 | |a 21.60 |2 bkl | ||
| 100 | 1 | |a Brown, Patricia Fortini |d 1936- |e VerfasserIn |0 (DE-588)120174359 |0 (DE-627)035422173 |0 (DE-576)292078927 |4 aut | |
| 245 | 1 | 0 | |a Venetian narrative painting in the age of Carpaccio |c Patricia Fortini Brown |
| 264 | 1 | |a New Haven |a London |b Yale University Press |c 1988 | |
| 300 | |a 310 Seiten |b Illustrationen | ||
| 336 | |a Text |b txt |2 rdacontent | ||
| 336 | |a unbewegtes Bild |b sti |2 rdacontent | ||
| 337 | |a ohne Hilfsmittel zu benutzen |b n |2 rdamedia | ||
| 338 | |a Band |b nc |2 rdacarrier | ||
| 505 | 8 | |a Literaturverz. S. 299 - 306 | |
| 583 | 1 | |a Archivierung/Langzeitarchivierung gewährleistet |f SSG |x XA-DE-BW |2 pdager |5 DE-16 | |
| 600 | 1 | 0 | |a Carpaccio, Vittore |d 1455?-1525? |x Themes, motives |
| 600 | 1 | 0 | |a Bellini, Gentile |d -1507 |x Themes, motives |
| 600 | 1 | 7 | |0 (DE-588)118519204 |0 (DE-627)079321305 |0 (DE-576)160528992 |a Carpaccio, Vittore |d 1455-1526 |2 gnd |
| 600 | 1 | 7 | |0 (DE-588)118655183 |0 (DE-627)079440606 |0 (DE-576)209243171 |a Bellini, Gentile |d 1429-1507 |2 gnd |
| 648 | 7 | |a Geschichte |2 gnd | |
| 650 | 0 | |a Narrative painting, Italian |z Italy |z Venice |x Themes, motives | |
| 650 | 0 | |a Narrative painting, Renaissance |z Italy |z Venice |x Themes, motives | |
| 650 | 0 | |a Art and society |z Italy |z Venice | |
| 650 | 0 | 7 | |0 (DE-588)4025097-0 |0 (DE-627)106294849 |0 (DE-576)20895919X |a Historienmalerei |2 gnd |
| 650 | 0 | 7 | |0 (DE-588)4244253-9 |0 (DE-627)104835664 |0 (DE-576)210461403 |a Ereignisbild |2 gnd |
| 651 | 7 | |0 (DE-588)4062501-1 |0 (DE-627)106131613 |0 (DE-576)209144556 |a Venedig |2 gnd | |
| 689 | 0 | 0 | |d p |0 (DE-588)118655183 |0 (DE-627)079440606 |0 (DE-576)209243171 |a Bellini, Gentile |d 1429-1507 |2 gnd |
| 689 | 0 | |5 (DE-627) | |
| 689 | 1 | 0 | |d p |0 (DE-588)118519204 |0 (DE-627)079321305 |0 (DE-576)160528992 |a Carpaccio, Vittore |d 1455-1526 |2 gnd |
| 689 | 1 | |5 (DE-627) | |
| 689 | 2 | 0 | |d g |0 (DE-588)4062501-1 |0 (DE-627)106131613 |0 (DE-576)209144556 |a Venedig |2 gnd |
| 689 | 2 | 1 | |d s |0 (DE-588)4025097-0 |0 (DE-627)106294849 |0 (DE-576)20895919X |a Historienmalerei |2 gnd |
| 689 | 2 | 2 | |a z |2 gnd |a Geschichte 1480-1525 |
| 689 | 2 | |5 (DE-627) | |
| 689 | 3 | 0 | |d g |0 (DE-588)4062501-1 |0 (DE-627)106131613 |0 (DE-576)209144556 |a Venedig |2 gnd |
| 689 | 3 | 1 | |d s |0 (DE-588)4025097-0 |0 (DE-627)106294849 |0 (DE-576)20895919X |a Historienmalerei |2 gnd |
| 689 | 3 | 2 | |a z |2 gnd |a Geschichte 1475-1525 |
| 689 | 3 | |5 (DE-627) | |
| 689 | 4 | 0 | |d p |0 (DE-588)118519204 |0 (DE-627)079321305 |0 (DE-576)160528992 |a Carpaccio, Vittore |d 1455-1526 |2 gnd |
| 689 | 4 | 1 | |d s |0 (DE-588)4244253-9 |0 (DE-627)104835664 |0 (DE-576)210461403 |a Ereignisbild |2 gnd |
| 689 | 4 | |5 (DE-627) | |
| 689 | 5 | 0 | |d g |0 (DE-588)4062501-1 |0 (DE-627)106131613 |0 (DE-576)209144556 |a Venedig |2 gnd |
| 689 | 5 | 1 | |d s |0 (DE-588)4244253-9 |0 (DE-627)104835664 |0 (DE-576)210461403 |a Ereignisbild |2 gnd |
| 689 | 5 | 2 | |a z |2 gnd |a Geschichte 1490-1540 |
| 689 | 5 | |5 (DE-627) | |
| 689 | 6 | 0 | |d g |0 (DE-588)4062501-1 |0 (DE-627)106131613 |0 (DE-576)209144556 |a Venedig |2 gnd |
| 689 | 6 | 1 | |d s |0 (DE-588)4244253-9 |0 (DE-627)104835664 |0 (DE-576)210461403 |a Ereignisbild |2 gnd |
| 689 | 6 | 2 | |a z |2 gnd |a Geschichte 1470-1535 |
| 689 | 6 | |5 (DE-627) | |
| 689 | 7 | 0 | |d p |0 (DE-588)118519204 |0 (DE-627)079321305 |0 (DE-576)160528992 |a Carpaccio, Vittore |d 1455-1526 |2 gnd |
| 689 | 7 | 1 | |d g |0 (DE-588)4062501-1 |0 (DE-627)106131613 |0 (DE-576)209144556 |a Venedig |2 gnd |
| 689 | 7 | |5 (DE-627) | |
| 689 | 8 | 0 | |d p |0 (DE-588)118655183 |0 (DE-627)079440606 |0 (DE-576)209243171 |a Bellini, Gentile |d 1429-1507 |2 gnd |
| 689 | 8 | 1 | |d g |0 (DE-588)4062501-1 |0 (DE-627)106131613 |0 (DE-576)209144556 |a Venedig |2 gnd |
| 689 | 8 | |5 (DE-627) | |
| 700 | 1 | |a Carpaccio, Vittore |d 1455-1526 |e ErwähnteR |0 (DE-588)118519204 |0 (DE-627)079321305 |0 (DE-576)160528992 |4 oth | |
| 787 | 0 | 8 | |i Rezensiert in |a Humfrey, Peter, 1947 - |t [Rezension von: Patricia Fortini Brown, Venetian narrative painting in the age of Carpaccio] |d 1989 |w (DE-627)1857999436 |
| 856 | 4 | 2 | |u http://www.gbv.de/dms/weimar/toc/274999102_toc.pdf |m DE-601 |q application/pdf |3 Inhaltsverzeichnis |7 1 |
| 856 | 4 | 2 | |u http://scans.hebis.de/HEBCGI/show.pl?01028468_toc.pdf |m V:DE-605;X:Imageware |q application/pdf |3 Inhaltsverzeichnis |7 1 |
| 889 | |w (DE-627)025149334 | ||
| 935 | |i mdedup | ||
| 935 | |i Blocktest | ||
| 936 | r | v | |a LN 84554 |b Renaissance, Manierismus |k Kunstgeschichte |k Kunst nach Ländern bzw. Kontinenten |k Italien |k Italienische Kunstgeschichte nach Gattungen |k Malerei |k Italienische Malerei nach Zentren und Schulen |k Venedig |k Renaissance, Manierismus |0 (DE-627)1270651005 |0 (DE-625)rvk/102416:6 |0 (DE-576)200651005 |
| 936 | r | v | |a LN 75810 |b Malerei (einschließlich Buchmalerei) |k Kunstgeschichte |k Kunst nach Ländern bzw. Kontinenten |k Italien |k Kunsttopografie Italiens |k Alphabetische Liste der italienischen Orte |k Orte V |k Venedig |k Kunstgeschichte |k Malerei (einschließlich Buchmalerei) |0 (DE-627)1271003147 |0 (DE-625)rvk/102166:13311 |0 (DE-576)201003147 |
| 936 | b | k | |a 21.02 |j Geschichte der Malerei |0 (DE-627)106406698 |
| 936 | b | k | |a 20.70 |j Europäische Kunst: Allgemeines |0 (DE-627)106406566 |
| 936 | b | k | |a 21.60 |j Baugeschichte: Allgemeines |0 (DE-627)106421247 |
| 936 | s | n | |a l300 |2 mzub |
| 951 | |a BO | ||
| 990 | |a Bellini, Gentile | ||
| 990 | |a Carpaccio, Vittore | ||
| 990 | |a Venedig | ||
| 990 | |a Historienmalerei | ||
| 990 | |a Geschichte 1480-1525 | ||
| 990 | |a Venedig | ||
| 990 | |a Historienmalerei | ||
| 990 | |a Geschichte 1475-1525 | ||
| 990 | |a Carpaccio, Vittore | ||
| 990 | |a Ereignisbild | ||
| 990 | |a Venedig | ||
| 990 | |a Ereignisbild | ||
| 990 | |a Geschichte 1490-1540 | ||
| 990 | |a Venedig | ||
| 990 | |a Ereignisbild | ||
| 990 | |a Geschichte 1470-1535 | ||
| 990 | |a Carpaccio, Vittore | ||
| 990 | |a Venedig | ||
| 990 | |a Bellini, Gentile | ||
| 990 | |a Venedig | ||
| 991 | |a Rezensiertes Werk | ||
| 999 | |a KXP-PPN274999102 |e 4380049043 | ||


